Tiếp cận đương đại văn hóa Mỹ = Contemporary approaches to American chulture

Αποθηκεύτηκε σε:
Λεπτομέρειες βιβλιογραφικής εγγραφής
Μορφή: Βιβλίο
Γλώσσα:Undetermined
Έκδοση: Hà Nội VHTT 2001
Θέματα:
Ετικέτες: Προσθήκη ετικέτας
Δεν υπάρχουν, Καταχωρήστε ετικέτα πρώτοι!
Thư viện lưu trữ: Trung tâm Học liệu Trường Đại học Cần Thơ
LEADER 00543nam a2200181Ia 4500
001 CTU_43543
008 210402s9999 xx 000 0 und d
020 |b 60.000đ 
082 |a 810.9 
082 |b T307 
245 0 |a Tiếp cận đương đại văn hóa Mỹ = 
245 0 |b Contemporary approaches to American chulture 
260 |a Hà Nội 
260 |b VHTT 
260 |c 2001 
650 |a american literature - history and criticism 
904 |i Minh, 010917 
980 |a Trung tâm Học liệu Trường Đại học Cần Thơ